Normal view
MARC view
- Dr Asst Prof Arshad Ali
Entry Personal Name
001 - CONTROL NUMBER
- control field: 50998
003 - CONTROL NUMBER IDENTIFIER
- control field: NUST
005 - DATE AND TIME OF LATEST TRANSACTION
- control field: 20210314134849.0
008 - FIXED-LENGTH DATA ELEMENTS
- fixed length control field: 210314|| aca||aabn | a|a d
040 ## - CATALOGING SOURCE
- Original cataloging agency: NUST
- Transcribing agency: NUST
100 ## - HEADING--PERSONAL NAME
- Personal name: Dr Asst Prof Arshad Ali
670 ## - SOURCE DATA FOUND
- Source citation: Work cat.: (NUST): Engr Muhammad ashfaq maitla 50997, Flood hazard mapping of nowshera city and remediation , 2014.
